00540nam a2200205 a 4500001001300000003000900013005001700022008004100039020001000080082001600090100002300106245005500129260002800184300000900212500003500221505002400256650002000280650001100300700002300311nice12345678IN_TiNIC20260116012739.0050524s1900 lona grp 000 0 eng  ac10000a891.53bSCH aSchimmel, Annemari aI Am Windb You Are Fire the Life and Work of Rumi aLondonbShambhalac1900 a214p aincludes index and biblioraphy2 aBibliography, Index aJalaluddin Rumi aSufism1 aSchimmel, Annemari